000 00237nam a22001097a 4500
008 170124b xxu||||| |||| 00| 0 eng d
020 _a1435487486
041 _aeng
080 _a618.2
245 _aCONCEPT MEDIA
_cDELMAR
942 _2udc
_cBK
999 _c3511
_d3511